សៀវភៅហ្វឹកហាត់គណិតវិទ្យាថ្នាក់ទី១ / (Record no. 8878)

MARC details
000 -LEADER
fixed length control field 01308nam a22002777a 4500
001 - CONTROL NUMBER
control field 8878
003 - CONTROL NUMBER IDENTIFIER
control field FISKH
005 - DATE AND TIME OF LATEST TRANSACTION
control field 20251110121222.0
008 - FIXED-LENGTH DATA ELEMENTS--GENERAL INFORMATION
fixed length control field 251028b cb ||||| |||| 00| 0 eng d
040 ## - CATALOGING SOURCE
Original cataloging agency FISKH
Language of cataloging khr
Transcribing agency FISKH
Modifying agency FISKH
050 ## - LIBRARY OF CONGRESS CALL NUMBER
Classification number PZ7
082 ## - DEWEY DECIMAL CLASSIFICATION NUMBER
Classification number 510
100 ## - MAIN ENTRY--PERSONAL NAME
Personal name Kimsrun, In
245 ## - TITLE STATEMENT
Title សៀវភៅហ្វឹកហាត់គណិតវិទ្យាថ្នាក់ទី១ /
Statement of responsibility, etc. រៀបរៀងដោយ លោក​ អុិន គឹមស្រ៊ុន
260 ## - PUBLICATION, DISTRIBUTION, ETC.
Place of publication, distribution, etc. ភ្នំពេញ :
Name of publisher, distributor, etc. គ្រឹះស្ថានបោះពុម្ពនិងចែកផ្សាយ ,
Date of publication, distribution, etc. ២០១២ .
300 ## - PHYSICAL DESCRIPTION
Extent 102 pages :
Other physical details color illustrations ;
Dimensions 21 cm .
505 ## - FORMATTED CONTENTS NOTE
Formatted contents note <br/>
520 ## - SUMMARY, ETC.
Summary, etc. សៀវភៅនេះបោះពុម្ពឡើងក្នុងគោលបំណងអោយសិស្សហ្វឹកហាត់អាន សរសេរ និងហាត់ធ្វើលេខ នៅពេលទំនេរ ។​
520 ## - SUMMARY, ETC.
Summary, etc. This book is published with the purpose of helping students practice reading, writing, and number exercises during their free time.
521 8# - TARGET AUDIENCE NOTE
Target audience note <br/>
Source <br/>
650 ## - SUBJECT ADDED ENTRY--TOPICAL TERM
Topical term or geographic name entry element ចំនួនលេខ
650 ## - SUBJECT ADDED ENTRY--TOPICAL TERM
Topical term or geographic name entry element Numbers
700 ## - ADDED ENTRY--PERSONAL NAME
Personal name Cheat , Ton
Relator term Illustrator
942 ## - ADDED ENTRY ELEMENTS (KOHA)
Source of classification or shelving scheme Dewey Decimal Classification
Koha item type Khmer Books
Suppress in OPAC No
Holdings
Withdrawn status Lost status Source of classification or shelving scheme Damaged status Not for loan Collection Home library Current library Shelving location Date acquired Total Checkouts Full call number Barcode Date last seen Price effective from Koha item type
    Dewey Decimal Classification     Reference Footprints International School Library Network Toul Tom Poung Campus Footprints International School Library Network Toul Tom Poung Campus TTP Primary Khmer Bookshelves 10/28/2025   KIM PZ7 510 FIS05140 10/28/2025 10/28/2025 Khmer Books